000 00503nam a2200169Ia 4500
005 20250508155904.0
008 008 250505s9999 xx 000 0 eng d
037 _aBooks to be hide in OPAC
040 _aFEDL
_beng
_cFEDL
041 _aeng
_2eng
084 _a374.954 87, MYS/O
_qFEDL
245 0 _aReport of the Unesco seminar on rural adult education for community action
245 0 _cMysore
260 _c1949
942 _cHB
_h374.954 87, MYS/O
999 _c1359873
_d1359873